Living with reform : (Record no. 32801)

MARC details
000 -LEADER
campo de control de longitud fija 01462cam a2200421La 4500
001 - NÚMERO DE CONTROL
campo de control 51718
005 - FECHA Y HORA DE LA ÚLTIMA TRANSACCIÓN
campo de control 20230410105238.0
008 - DATOS DE LONGITUD FIJA--INFORMACIÓN GENERAL
campo de control de longitud fija 060110s2006 nyu b 001 0 eng
010 ## - NÚMERO DE CONTROL DE LA BIBLIOTECA DEL CONGRESO
Número de control de LC 2006025169
035 ## - NÚMERO DE CONTROL DEL SISTEMA
Número de control de sistema (OCoLC)ocn156743344
040 ## - FUENTE DE CATALOGACIÓN
Centro catalogador/agencia de origen Nz
Centro/agencia transcriptor NZWPM
Centro/agencia modificador BAKER
-- BWK
020 ## - NÚMERO INTERNACIONAL ESTÁNDAR DEL LIBRO
Número Internacional Estándar del Libro 9781842777237 (1 84277 723 8 : alk. paper)
020 ## - NÚMERO INTERNACIONAL ESTÁNDAR DEL LIBRO
Número Internacional Estándar del Libro 1842777238 (1 84277 723 8 : alk. paper)
020 ## - NÚMERO INTERNACIONAL ESTÁNDAR DEL LIBRO
Número Internacional Estándar del Libro 9781842777220 (1 84277 722 x : alk. paper)
020 ## - NÚMERO INTERNACIONAL ESTÁNDAR DEL LIBRO
Número Internacional Estándar del Libro 184277722X (1 84277 722 x : alk. paper)
029 0# - OTRO NÚMERO DE CONTROL DE SISTEMA (OCLC)
Identificador de la biblioteca OCLC NZ1
Número de control de sistema 10847285
035 ## - NÚMERO DE CONTROL DEL SISTEMA
Número de control de sistema (OCoLC)156743344
043 ## - CÓDIGO DE ÁREA GEOGRÁFICA
Código de área geográfica a-cc---
050 14 - SIGNATURA TOPOGRÁFICA DE LA BIBLIOTECA DEL CONGRESO
Número de clasificación DS779.2
Número de ítem .C514l 2006
082 00 - NÚMERO DE LA CLASIFICACIÓN DECIMAL DEWEY
Número de clasificación 951.05/9
Número de edición 22
100 1# - ENTRADA PRINCIPAL--NOMBRE DE PERSONA
Nombre de persona Cheek, Timothy.
245 10 - MENCIÓN DEL TÍTULO
Título Living with reform :
Resto del título China since 1989 /
Mención de responsabilidad, etc. Timothy Cheek.
246 30 - FORMA VARIANTE DEL TITULO
Título propio/Titulo breve China since 1989
260 ## - PUBLICACIÓN, DISTRIBUCIÓN, ETC.
Lugar de publicación, distribución, etc. New York :
Nombre del editor, distribuidor, etc. Zed Books,
Fecha de publicación, distribución, etc. 2006.
263 ## - FECHA PROYECTADA DE PUBLICACIÓN
Fecha proyectada de publicación 0609
300 ## - DESCRIPCIÓN FÍSICA
Extensión p. cm.
490 0# - MENCIÓN DE SERIE
Mención de serie Global history of the present
504 ## - NOTA DE BIBLIOGRAFÍA, ETC.
Nota de bibliografía, etc. Includes bibliographical references and index.
651 #0 - PUNTO DE ACCESO ADICIONAL DE MATERIA--NOMBRE GEOGRÁFICO
Nombre geográfico China
Subdivisión general History
Subdivisión cronológica 1976-2002.
651 #0 - PUNTO DE ACCESO ADICIONAL DE MATERIA--NOMBRE GEOGRÁFICO
Nombre geográfico China
Subdivisión general History
Subdivisión cronológica 2002-
856 41 - LOCALIZACIÓN Y ACCESO ELECTRÓNICOS
Materiales especificados Table of contents only
Identificador Uniforme de Recursos <a href="http://www.loc.gov/catdir/toc/ecip0618/2006025169.html">http://www.loc.gov/catdir/toc/ecip0618/2006025169.html</a>
938 ## -
-- Baker & Taylor
-- BKTY
-- 90.00
-- 90.00
-- 184277722X
-- 0006837321
-- active
938 ## -
-- Blackwell Book Service UK
-- BBUK
-- L4747299
-- 50.00
938 ## -
-- Baker & Taylor
-- BKTY
-- 23.00
-- 23.00
-- 1842777238
-- 0006833461
-- active
942 ## - ELEMENTOS DE ENTRADA SECUNDARIOS (KOHA)
Fuente del sistema de clasificación o colocación Clasificación de Library of Congress
Tipo de ítem Koha
994 ## -
-- C0
-- DRFGD
946 ## - PROCESAMIENTO DE INFORMACIÓN LOCAL (OCLC)
a Lspaulino
Holdings
Estatus retirado Estado de pérdida Fuente del sistema de clasificación o colocación Estado de daño No para préstamo Colección Biblioteca de origen Biblioteca actual Ubicación en estantería Fecha de adquisición Serial enumeration / chronology Signatura topográfica completa Código de barras Visto por última vez Tipo de ítem Koha
    Clasificación de Library of Congress     Recursos Regionales Biblioteca Juan Bosch Biblioteca Juan Bosch Recursos Regionales (2do. Piso) 10/04/2023 3 DS779.2 .C514l 2006 00000053677 23/10/2018